Logo BPK

Biblioteka

Politechniki Koszalińskiej

Elektrodynamika kwantowa / (Rekord nr 26237)

Szczegóły MARC
000 -ETYKIETA REKORDU
podpole kontrolne o stałej długości 00498nam a2200181 i 4500
001 - NUMER KONTROLNY REKORDU
pole kontrolne bg
040 ## - ŹRÓDŁO KATALOGOWANIA
Instytucja, która utworzyła rekord BPK
041 ## - KOD JĘZYKA
Kod języka tekstu pol
080 ## - UNIWERSALNA KLASYFIKACJA DZIESIĘTNA - UKD
UKD 537.8:530.145
008 - POLE O STAŁEJ DŁUGOŚCI - DANE KONTROLNE
podpole kontrolne o stałej długości s pl f |000 0 pol
100 1# - NAZWA OSOBOWA
Nazwa osobowa BIAŁYNICKI-BIRULA, Iwo
Daty związane z nazwą (1933- ).
245 #0 - TYTUŁ/ODPOWIEDZIALNOŚĆ
Tytuł Elektrodynamika kwantowa /
Pozostałe elementy strefy tytułu i oznaczenia odpowiedzialności I. Białynicki-Birula, Z. Białynicka-Birula.
250 ## - STREFA WYDANIA
Oznaczenie wydania Wyd. 2 zm.
260 ## - STREFA ADRESU WYDAWNICZEGO
Miejsce wydania Warszawa,
Data publikacji, dystrybucji/powstania dokumentu 1974.
650 #9 - HASŁO PRZEDMIOTOWE W FORMIE NAZWY OGÓLNEJ LUB JEDNOSTKOWEJ
Nazwa ogólna lub geograficzna Elektrodynamika
700 1# - HASŁO DODATKOWE - NAZWA OSOBOWA
Nazwa osobowa BIAŁYNICKA-BIRULA, Zofia
Daty związane z nazwą (1933- ).
856 ## - LOKALIZACJA I DOSTĘP DO ELEKTRONICZNYCH DOKUMENTÓW ZDALNYCH
Link (URL) http://koha.tu.koszalin.pl/cgi-bin/koha/opac-detail.pl?biblionumber=26237
Tekst linku Katalog online BPK
942 ## - DODATKOWE ELEMENTY (KOHA)
Typ dokumentu Książka
Egzemplarze
Wycofany Status egzemplarza Uszkodzony Dostępność Lokalizacja stała Lokalizacja bieżąca Miejsce przechowywania Sygnatura Kod kreskowy Typ dokumentu
      Dostępny Biblioteka Politechniki Koszalińskiej Biblioteka Politechniki Koszalińskiej Wypożyczalnia BG 17439 02110431 Książka
      Dostępny Biblioteka Politechniki Koszalińskiej Biblioteka Politechniki Koszalińskiej Wypożyczalnia BG 17440 01111552 Książka
© 2023 Biblioteka Politechniki Koszalińskiej :: KOHA